01018nam a22002057a 450000500170000000800410001702000180005803700160007604000350009204100080012708200140013510000330014924500530018226000190023530000260025452004230028065000360070365000430073965000300078220250130143555.0231219b |||||||| |||| 00| 0 eng d a9789584908360 3Donación  aCO-JMCRcCO-JMCRdCO-JMCRerda aspa aJ-PbBLAt aBlandón Schiller, Alberto  atextos pandémicos /cAlberto Blandon Schiller  aBogota, c2020 a48 páginas c20 cm  aQue poco hemos andado en estos siglos. La sombra del dinosaurio aun relata nuestra adversidad y la llama de icaro amenaza con perecer. Miedo y contingencia recuerdan nuestros ancestros. De antiguos dolores traemos las rosas que encendemos. Apenas a un paso de las cavernas nos sabemos inmortales y temerosos. Desvalidos, imploramos la lejanía de los infectados. Ocultamos la cara frágil tela de nuestras suplicas.  2JMCR aadversidad xLiteratura  2JMCRavulnerabilidad humana vCuentos  2JMCRaPandemia vCuentos